000 00730nam a22002057a 4500
005 20170124110246.0
010 _aB-019285
020 _c450.00
_a8170002559
035 _aB-019285
037 _bCen Lib/Ret
040 _aDPL
_bEN
082 _a020
_bCHA
245 _aChanging trends in library and information science :
_bseminar volume /
_cedited by M. D. Baby, R. Raghunathan [and] Stanly James Pradeepam
260 _aNew Delhi : Ess Ess
_bEss Ess Publications
_c2000
270 _b4837/24, Ansari Road, Darya Ganj
_aMuseum Street
300 _a189p.
_c21cm(Hb)
650 _aLibrary science -- Congresses.
_997460
650 _aInformation science -- Congresses.
_997461
942 _2ddc
_cEN
_h020
_mCHA
999 _c135507
_d135507